Principios educativos locales con miras a la autonomía: construcción de un nuevo discurso educativo en el territorio williche (Sur de Chile) (Record no. 207462)
[ view plain ]
| 000 -CABECERA | |
|---|---|
| campo de control de longitud fija | 02124nab a2200325 a 4500 |
| 005 - FECHA Y HORA DE LA ÚLTIMA TRANSACCIÓN | |
| campo de control | 20210219164114.0 |
| 008 - ELEMENTOS DE LONGITUD FIJA--INFORMACIÓN GENERAL | |
| campo de control de longitud fija | 991125s1985 mx 000 0 spa u |
| 035 ## - NÚMERO DE CONTROL DEL SISTEMA | |
| Número de control de sistema | UPN01000235367 |
| 049 ## - COLECCIÓN | |
| Colección | ART-E |
| 100 1# - ASIENTO PRINCIPAL--NOMBRE PERSONAL | |
| Nombre de persona | Retamal Cisterna, Silvia Natalia |
| Enlace | - silvia.retamal@ulagos.cl |
| 222 #0 - TÍTULO CLAVE | |
| Título clave | FORO DE EDUCACION |
| 245 00 - MENCIÓN DE TÍTULO | |
| Título | Principios educativos locales con miras a la autonomía: construcción de un nuevo discurso educativo en el territorio williche (Sur de Chile) |
| 260 ## - PUBLICACIÓN, DISTRIBUCIÓN, ETC. | |
| Lugar de publicación, distribución, etc. | España |
| 300 ## - DESCRIPCIÓN FÍSICA | |
| Extensión | 27-45 |
| 362 0# - FECHAS DE PUBLICACIÓN Y/O DESIGNACIÓN SECUENCIAL | |
| Fecha de publicación y/o designación secuencial | 2020 Vol. 18, no. 1, ene.-jun. |
| 336 ## - TIPO DE CONTENIDO | |
| Término de tipo de contenido | texto$2rdacontent |
| 337 ## - TIPO DE MEDIO | |
| Nombre/término del tipo de medio | computadora$2rdamedia |
| 338 ## - TIPO DE SOPORTE | |
| Nombre/término del tipo de soporte | recurso en linea$2rdacarrier |
| 520 3# - NOTA DE RESUMEN, ETC. | |
| Sumario, etc. | Se presentan los resultados de una investigación centrada en generar una propuesta curricular autónoma con y para las escuelas de la comuna de San Juan de la Costa, territorio williche2 al sur de Chile. Las reflexiones concebidas en este documento refieren a procesos clave para repensar los fundamentos locales y un nuevo discurso educativo. Se conceptualizaron cuatro principios locales a partir de metodologías participativas considerando las singularidades del territorio, estos son: a) reconocer y reparar como base para la autonomía; b) conciencia colectiva para impugnar la fragmentación; c) desafiar la interculturalidad oficial: cambios de procedimientos y emancipación curricular y; d) abdicar del discurso del poder. En efecto, estos principios conformarían el punto de partida para elaborar las bases locales de una educación propia, en tanto se prevé en ello el inicio de cambios que van en la línea de reivindicaciones y reconocimiento de derechos de los pueblos indígenas. |
| 653 0# - TERMINO DE INDIZACION - NO CONTROLADO | |
| Término no controlado | AUTONOMIA EDUCATIVA |
| 653 0# - TERMINO DE INDIZACION - NO CONTROLADO | |
| Término no controlado | EDUCACION INTERCULTURAL |
| 653 0# - TERMINO DE INDIZACION - NO CONTROLADO | |
| Término no controlado | EDUCACION ALTERNATIVA |
| 653 0# - TERMINO DE INDIZACION - NO CONTROLADO | |
| Término no controlado | EDUCACION RURAL |
| 653 0# - TERMINO DE INDIZACION - NO CONTROLADO | |
| Término no controlado | EDUCACION COMUNITARIA |
| 653 0# - TERMINO DE INDIZACION - NO CONTROLADO | |
| Término no controlado | CHILE (PAIS) |
| 856 4# - LOCALIZACIÓN Y ACCESO ELECTRÓNICOS | |
| Identificador Uniforme del Recurso | <a href="https://www.forodeeducacion.com/ojs/index.php/fde/article/view/650/439">https://www.forodeeducacion.com/ojs/index.php/fde/article/view/650/439</a> |
| 856 4# - LOCALIZACIÓN Y ACCESO ELECTRÓNICOS | |
| Identificador Uniforme del Recurso | <a href="http://dx.doi.org/10.14516/fde.650">http://dx.doi.org/10.14516/fde.650</a> |
| Nota pública | Consultar articulo completo |
| 905 ## - TIPO DE MATERIAL | |
| Tipo de material | Articulo |
No items available.
